Study on pig production at kanduldom farm in samrong tong district kampong speu province, (ការសិក្សាទៅលើផលិតកម្មជ្រូកពូជនៅកសិដ្ឋាន កណ្ដោលដុំ ស្រុកសំរោងទង ខេត្តកំពង់ស្ពឺ) (Record no. 2271)

000 -LEADER
fixed length control field 00680nam a22001577a 4500
003 - CONTROL NUMBER IDENTIFIER
control field OSt
005 - DATE AND TIME OF LATEST TRANSACTION
control field 20151009092132.0
008 - FIXED-LENGTH DATA ELEMENTS--GENERAL INFORMATION
fixed length control field 151009b xxu||||| |||| 00| 0 eng d
040 ## - CATALOGING SOURCE
Transcribing agency RUA
082 ## - DEWEY DECIMAL CLASSIFICATION NUMBER
Classification number AVM OR 2008 B084 Or.1
100 ## - MAIN ENTRY--PERSONAL NAME
9 (RLIN) 2413
Personal name OR SAMNANG
245 ## - TITLE STATEMENT
Title Study on pig production at kanduldom farm in samrong tong district kampong speu province, (ការសិក្សាទៅលើផលិតកម្មជ្រូកពូជនៅកសិដ្ឋាន កណ្ដោលដុំ ស្រុកសំរោងទង ខេត្តកំពង់ស្ពឺ)
260 ## - PUBLICATION, DISTRIBUTION, ETC. (IMPRINT)
Place of publication, distribution, etc. phnom penh
Name of publisher, distributor, etc. rua
Date of publication, distribution, etc. 2008
300 ## - PHYSICAL DESCRIPTION
Extent xi, 40p.
Other physical details ill.
Dimensions 29cm.
942 ## - ADDED ENTRY ELEMENTS (KOHA)
Source of classification or shelving scheme
Koha item type AVM
Holdings
Price effective from Date last seen Permanent Location Not for loan Date acquired Source of classification or shelving scheme Koha item type Lost status Withdrawn status Date last checked out Total Checkouts Shelving location Damaged status Barcode Current Location Full call number
2015-10-092015-10-09Library Block B 2015-10-09 AVM    B084 RUA027922Library Block BAVM OR 2008 B084 Or.1
2015-10-092015-10-09Library Block B 2015-10-09 AVM    B084 RUA009496Library Block BAVM OR 2008 B084 Or.2
2015-10-092018-09-28Library Block B 2015-10-09 AVM  2018-09-261B084 RUA025382Library Block BAVM OR 2008 B084 Or.3
2015-10-092015-10-09Library Block B 2015-10-09 AVM    B084 RUA025172Library Block BAVM OR 2008 B084 Or.4
2015-10-092015-10-09Library Block B 2015-10-09 AVM    B084 RUA015121Library Block BAVM OR 2008 B084 Or.5
2015-10-092018-09-21Library Block B 2015-10-09 AVM  2018-09-212B084 RUA007905Library Block BAVM OR 2008 B084 Or.6
2015-10-092015-10-09Library Block B 2015-10-09 AVM    B084 RUA007906Library Block BAVM OR 2008 B084 Or.7
2015-10-092015-10-09Library Block B 2015-10-09 AVM    B084 RUA007902Library Block BAVM OR 2008 B084 Or.8
មជ្ឈមណ្ឌលឯការនៃសាកលវិទ្យាល័យភូមិន្ទកសិកម្មចំការដូង

Powered by Koha